La población de Costa Rica según el Obispo Thiel
Presenta la evolución de los cálculos del Obispo Thiel acerca de la población total de Costa Rica durante los siglos XVIII y XIX. SM/EL
Gespeichert in:
| 1. Verfasser: | |
|---|---|
| Format: | Text |
| Veröffentlicht: |
San José :
|
| Schlagworte: | |
| Tags: |
Tag hinzufügen
Keine Tags, Fügen Sie den ersten Tag hinzu!
|
MARC
| LEADER | 00000 a a2200000 04500 | ||
|---|---|---|---|
| 001 | 12632 | ||
| 003 | |||
| 040 | |||
| 090 | |a EXTRAVIADO | ||
| 100 | |a Pérez Brignoli, Héctor | ||
| 245 | |a La población de Costa Rica según el Obispo Thiel | ||
| 260 | |a San José : | ||
| 300 | |a 13 p. | ||
| 300 | |b **no definido** | ||
| 520 | |a Presenta la evolución de los cálculos del Obispo Thiel acerca de la población total de Costa Rica durante los siglos XVIII y XIX. SM/EL | ||
| 650 | |a POBLACION | ||
| 650 | |a CENSOS | ||
| 650 | |a POBLACION | ||
| 650 | |a TASA DE CRECIMIENTO | ||
| 650 | |a GRUPOS ETNICOS | ||
| 999 | |c 11535 |d 11535 | ||
